000 00401nam a22001697a 4500
003 OSt
005 20210827142740.0
008 210827b |||||||| |||| 00| 0 eng d
020 _a0-387-98218-3
040 _chu
082 _a519.53
100 _aJAMES K. LINDSEY
_9560
245 _aApplying Generalized Linear Models
260 _aNew York
_bSpringer
_c1997
300 _a256
942 _2ddc
_cBOOKS
_n0
999 _c688
_d688